LEADER 03108nam 22007335 450 001 9910383832203321 005 20251223175659.0 010 $a3-030-30113-3 024 7 $a10.1007/978-3-030-30113-2 035 $a(CKB)4100000010770842 035 $a(DE-He213)978-3-030-30113-2 035 $a(MiAaPQ)EBC6141907 035 $a(PPN)243225733 035 $a(MiAaPQ)EBC29224559 035 $a(EXLCZ)994100000010770842 100 $a20200318d2019 u| 0 101 0 $aeng 135 $aurnn|008mamaa 181 $ctxt$2rdacontent 182 $cc$2rdamedia 183 $acr$2rdacarrier 200 10$aOptics, Photonics and Laser Technology 2018 /$fedited by Paulo Ribeiro, Maria Raposo 205 $a1st ed. 2019. 210 1$aCham :$cSpringer International Publishing :$cImprint: Springer,$d2019. 215 $a1 online resource (XXI, 288 p. 207 illus., 162 illus. in color.) 225 1 $aSpringer Series in Optical Sciences,$x1556-1534 ;$v223 311 08$a3-030-30112-5 320 $aIncludes bibliographical references and index. 327 $aOptics -- Photonics -- Optical Materials -- Optical Devices and Systems -- Lasers and Plasmas. 330 $aThis book includes both theoretical and practical aspects within optics, photonics and lasers. The book provides new methods, technologies, advanced prototypes, systems, tools and techniques as well as a general survey indicating future trends and directions. The main fields of this book are Optical scattering, plasmas technologies and simulation, photonic and optoelectronic sensors and devices, optical fiber sensing and monitoring, image detection and Imaging solid state lasers and fiber lasers, and optical amplifiers. A wide range of optical materials is covered, from semiconductor based optical materials, optical crystals and optical glasses. 410 0$aSpringer Series in Optical Sciences,$x1556-1534 ;$v223 606 $aLasers 606 $aTelecommunication 606 $aOptical materials 606 $aAtoms 606 $aMolecules 606 $aElectrodynamics 606 $aLaser 606 $aMicrowaves, RF Engineering and Optical Communications 606 $aOptical Materials 606 $aAtoms and molecules in external fields 606 $aClassical Electrodynamics 615 0$aLasers. 615 0$aTelecommunication. 615 0$aOptical materials. 615 0$aAtoms. 615 0$aMolecules. 615 0$aElectrodynamics. 615 14$aLaser. 615 24$aMicrowaves, RF Engineering and Optical Communications. 615 24$aOptical Materials. 615 24$aAtoms and molecules in external fields. 615 24$aClassical Electrodynamics. 676 $a621.366 676 $a621.365 702 $aRibeiro$b Paulo$4edt$4http://id.loc.gov/vocabulary/relators/edt 702 $aRaposo$b Maria$4edt$4http://id.loc.gov/vocabulary/relators/edt 801 0$bMiAaPQ 801 1$bMiAaPQ 801 2$bMiAaPQ 906 $aBOOK 912 $a9910383832203321 996 $aOptics, Photonics and Laser Technology 2018$92513660 997 $aUNINA